007720000a22002050004500003001100000005001700011008004100028040003900069041000800108082001700116100003200133245010100165260006100266300001900327490003600346520006300382650005100445650003300496650003700529LK-CoMWRAF20240319125409.0230817t2003 ||||| |||| 00| 0 eng d aLK-CoMWRAFdLK-CoMWRAFeLK-CoMWRAF aeng a327.172bSRI aSriskandarajah, Dhanajayan  aThe returns of peace in Sri Lanka : bthe development cart before the conflict resolution horse? aColombo:bInternational Centre for Ethnic Studies,c2003 a26 p. ; 22 cm. aICES lecture/ discussion series aAddress at the ICES Auditorium, Colombo, February 27, 2003 aINTERNATIONAL RELATION-Peace process-Sri Lanka aPeace-building -- Sri Lanka  aConflict management -- Sri Lanka